[Event "VEN-ch U16 Girls 3rd"]
[Site "San Antonio"]
[Date "2016.04.01"]
[Round "2.3"]
[White "Descarrega Zacarias, Vanessa"]
[Black "Quijada Marval, Rosa Angelica"]
[Result "1-0"]
[WhiteElo "1755"]
[BlackElo "1474"]
[PlyCount "61"]
[EventDate "2016.04.01"]
[EventType "swiss"]
[EventRounds "7"]
[EventCountry "VEN"]
[SourceTitle "EXT 2022"]
[Source "ChessBase"]
[SourceDate "2021.10.06"]
[SourceVersion "1"]
[SourceVersionDate "2021.10.06"]
[SourceQuality "1"]

1. e4 e6 2. d4 d5 3. exd5 exd5 4. Nc3 c6 5. Bf4 Bd6 6. Bg3 Ne7 7. Bd3 Bf5 8. Nf3 0-0 9. h3 Bxd3 10. Qxd3 f5 11. Bxd6 Qxd6 12. 0-0 Nd7 13. Rfe1 Nf6 14. Ne5 Ne4 15. Nxe4 fxe4 16. Qb3 b5 17. Rxe4 Qf6 18. Ng4 Qf7 19. Re2 Nf5 20. Qd3 Nh4 21. Rae1 Qf4 22. Qe3 Rac8 23. Qxf4 Rxf4 24. c3 Rf5 25. Re8+ Rxe8 26. Rxe8+ Rf8 27. Rxf8+ Kxf8 28. Ne5 Ng6 29. Nxc6 a6 30. Nb4 a5 31. Nxd5 1-0